| 000 | 00735cam a2200205 i 4500 | ||
|---|---|---|---|
| 001 | 14408 | ||
| 003 | Mx-PuUPA | ||
| 005 | 20251029143952.0 | ||
| 008 | 140415s1998 mx a gr 000 0 spa d | ||
| 020 | _a9683672280 | ||
| 040 | _cMx-PuUPA | ||
| 041 | 0 | _aspa | |
| 082 | 0 | 4 |
_axx _bxx _223 |
| 245 |
_aCompilación de lecturas para la discusión de las relaciones internacionales contemporáneas / _cIleana Cid Capetillo, compiladora |
||
| 250 | _aPrimera edición | ||
| 264 | 1 |
_aMéxico, D.F. : _bFacultad de Ciencias Políticas y Sociales, UNAM, _c1998 |
|
| 300 |
_a166 páginas : _bilustraciones ; _c23 cm |
||
| 942 |
_2ddc _cLI _hxx _ixx |
||
| 999 |
_c14408 _d14408 |
||